[Primera lista supletoria al Catálogo de los objetos de arte de la antigua Casa Ducal de Osuna para la subasta que de los mismos ha de celebrarse el sábado 23 de mayo de 1896]. (Record no. 184385)

MARC details
000 -LEADER
campo de control de longitud fija 00675nam a2200169 i 4500
001 - NÚMERO DE CONTROL
campo de control 184385
003 - IDENTIFICADOR DE NÚMERO DE CONTROL
campo de control ES-MaACL
005 - FECHA Y HORA DE LA ÚLTIMA TRANSACCIÓN
campo de control 20230906222159.0
008 - DATOS DE LONGITUD FIJA--INFORMACIÓN GENERAL
campo de control de longitud fija 150804s1896 sp |||| | spa d
245 01 - MENCIÓN DEL TÍTULO
Título [Primera lista supletoria al Catálogo de los objetos de arte de la antigua Casa Ducal de Osuna para la subasta que de los mismos ha de celebrarse el sábado 23 de mayo de 1896].
260 ## - PUBLICACIÓN, DISTRIBUCIÓN, ETC.
Lugar de publicación, distribución, etc. [Madrid :
Nombre del editor, distribuidor, etc. s.n.,
Fecha de publicación, distribución, etc. 1896]
300 ## - DESCRIPCIÓN FÍSICA
Extensión 10 p. ;
Dimensiones 23 cm.
594 ## - Nota al título y mención de responsabilidad
Nota al título y mención de responsabilidad Ejemp. sin port.; tít. y fecha tomados de principio del texto.
610 27 - PUNTO DE ACCESO ADICIONAL DE MATERIA--NOMBRE DE ENTIDAD CORPORATIVA
Nombre de entidad corporativa o nombre de jurisdicción como elemento de entrada Casa de Osuna.
9 (RLIN) 134227
650 #4 - PUNTO DE ACCESO ADICIONAL DE MATERIA--TÉRMINO DE MATERIA
Término de materia o nombre geográfico como elemento de entrada Objetos artísticos-
Subdivisión de forma Catálogos de subastas.
9 (RLIN) 157178
852 ## - LOCALIZACIÓN
Ubicación ES-MaACL
Número de control de estantería T-865-F-11
Holdings
Estatus retirado Estado de pérdida Estado de daño No para préstamo Colección Biblioteca de origen Biblioteca actual Ubicación en estantería Fecha de adquisición Fuente de adquisición Total de préstamos Signatura topográfica completa Código de barras Visto por última vez Precio de reemplazo Tipo de ítem Koha
        Colección de folletos Biblioteca del Ateneo de Madrid Biblioteca del Ateneo de Madrid Depósito folletos 04/08/2015     T-865-F-11 1193993 23/02/2023 23/02/2023 Folleto